Statistics for AEW TBS Title PPV Matches

Click here to take the quiz!

General Stats

  • This quiz has been taken 4 times
  • The average score is 19 of 23

Answer Stats

EventWrestler% Correct
Revolution 2022Jade Cargill
100%
Double Or Nothing 2022Jade Cargill
100%
All Out 2022Jade Cargill
100%
Full Gear 2022Jade Cargill
100%
Double or Nothing 2023Jade Cargill
100%
Double or Nothing 2023Jade Cargill
100%
Dynasty 2024Julia Hart
100%
Worlds End 2023Julia Hart
100%
Full Gear 2023Julia Hart
100%
WrestleDream 2023Julia Hart
100%
WrestleDream 2023Kris Statlander
100%
Full Gear 2023Kris Statlander
100%
Double or Nothing 2023Kris Statlander
100%
All Out 2023Kris Statlander
100%
Double or Nothing 2023Taya Valkyrie
75%
Dynasty 2024Willow Nightingale
75%
Worlds End 2023Abadon
50%
All Out 2022Athena
50%
Full Gear 2022Nyla Rose
50%
All Out 2023Ruby Soho
50%
Full Gear 2023Skye Blue
50%
Revolution 2022Tay Conti
50%
Double Or Nothing 2022Anna Jay
25%

Score Distribution

Percentile by Number Answered

Percent of People with Each Score

Your Score History

You have not taken this quiz